ბათუმის შოთა რუსთაველის სახელმწიფო უნივერსიტეტის ბიბლიოთეკა

Reinforced Concrete Design (ბიბ.ჩანაწერი № 54413)

000 -LEADER
fixed length control field 00813nam a2200277Ia 4500
001 - CONTROL NUMBER
control field 21469
003 - CONTROL NUMBER IDENTIFIER
control field GE_BSU
008 - FIXED-LENGTH DATA ELEMENTS--GENERAL INFORMATION
fixed length control field 181216s||||||||xx |||||||||||||| ||und||
020 ## - INTERNATIONAL STANDARD BOOK NUMBER
International Standard Book Number 9780132859295
040 ## - CATALOGING SOURCE
Transcribing agency GE_BSU
080 ## - UNIVERSAL DECIMAL CLASSIFICATION NUMBER
Universal Decimal Classification number 691.2
100 ## - MAIN ENTRY--PERSONAL NAME
Personal name Aghayere, Abi O., Limbrunner, George F.
245 ## - TITLE STATEMENT
Title Reinforced Concrete Design
245 ## - TITLE STATEMENT
Statement of responsibility, etc. Editorial Director by Vernon R. Anthony
250 ## - EDITION STATEMENT
Edition statement Eighth edition.
260 ## - PUBLICATION, DISTRIBUTION, ETC.
Place of publication, distribution, etc. Boston
260 ## - PUBLICATION, DISTRIBUTION, ETC.
Name of publisher, distributor, etc. Pearson
260 ## - PUBLICATION, DISTRIBUTION, ETC.
Date of publication, distribution, etc. 2014
300 ## - PHYSICAL DESCRIPTION
Extent 302p. 29cm.
300 ## - PHYSICAL DESCRIPTION
Accompanying material Index p.: 299-302
653 ## - INDEX TERM--UNCONTROLLED
Uncontrolled term Reinforced Concrete Design
653 ## - INDEX TERM--UNCONTROLLED
Uncontrolled term Строительные материалы и изделия
653 ## - INDEX TERM--UNCONTROLLED
Uncontrolled term სამშენებლო მასალები და ნაკეთობანი
942 ## - ADDED ENTRY ELEMENTS (KOHA)
Koha item type წიგნი

არაა ხელმისაწვდომი ეგზემპლარები.